[Event "Calvia Amateur op 13th"]
[Site "Calvia"]
[Date "2016.10.11"]
[Round "4"]
[White "Viskelis, Darius"]
[Black "Schenk Papke, Andres"]
[Result "0-1"]
[WhiteElo "2305"]
[BlackElo "2095"]
[PlyCount "58"]
[EventDate "2016.10.08"]
[EventType "swiss"]
[EventRounds "9"]
[EventCountry "ESP"]
[SourceTitle "CBM 175 Extra"]
[Source "ChessBase"]
[SourceDate "2016.12.12"]
[SourceVersion "1"]
[SourceVersionDate "2016.12.12"]
[SourceQuality "1"]

1. e4 c5 2. Nf3 Nc6 3. Bb5 g6 4. 0-0 Bg7 5. Re1 Nf6 6. c3 0-0 7. h3 e5 8. Bxc6 dxc6 9. Nxe5 Re8 10. f4 Nh5 11. d4 Qh4 12. Nf3 Qg3 13. f5 gxf5 14. e5 f4 15. Kf1 cxd4 16. cxd4 Qg6 17. Nc3 Ng3+ 18. Kf2 Bh6 19. Nd2 Nf5 20. Nde4 Rd8 21. Nf6+ Kh8 22. Re4 Nh4 23. g4 fxg3+ 24. Kg1 Qf5 25. Qe2 Nf3+ 26. Kg2 Qxh3+ 27. Kxf3 g2+ 28. Kf2 Qh2 29. Kf3 g1N# 0-1

[Event "Palma de Mallorca Amic op 1st"]
[Site "Palma de Mallorca"]
[Date "2015.03.22"]
[Round "1"]
[White "Schenk Papke, Andres"]
[Black "Kovchan, Alexander"]
[Result "0-1"]
[WhiteElo "2086"]
[BlackElo "2576"]
[PlyCount "60"]
[EventDate "2015.03.22"]
[EventType "swiss"]
[EventRounds "9"]
[EventCountry "ESP"]
[SourceTitle "CBM 165 Extra"]
[Source "ChessBase"]
[SourceDate "2015.04.21"]
[SourceVersion "1"]
[SourceVersionDate "2015.04.21"]
[SourceQuality "1"]

1. d4 Nf6 2. Nf3 g6 3. g3 d5 4. Bg2 c6 5. 0-0 Bg7 6. Nbd2 0-0 7. Ne5 Nbd7 8. Nd3 Re8 9. Nf3 Ne4 10. c3 Nd6 11. Bf4 f6 12. Bxd6 exd6 13. Re1 Nf8 14. Qb3 Qb6 15. Nd2 Be6 16. Nf4 Bf7 17. h4 Qc7 18. Qc2 Re7 19. e3 Rae8 20. b3 g5 21. hxg5 fxg5 22. Ne2 Qd7 23. Nf3 Bg6 24. Qd2 Qf5 25. Rac1 Nd7 26. c4 Nf6 27. Rf1 Ne4 28. Qb2 Rf8 29. Nc3 Nxc3 30. Qxc3 Bh5 0-1

[Event "Mallorca-chT Primera"]
[Site "Palma de Mallorca"]
[Date "2012.02.18"]
[Round "3.1"]
[White "Schenk Papke, Andres"]
[Black "Crespi Lopez, Juan Josep"]
[Result "1/2-1/2"]
[WhiteElo "2050"]
[BlackElo "1949"]
[PlyCount "53"]
[EventDate "2012.01.28"]
[EventType "team"]
[EventRounds "9"]
[EventCountry "ESP"]
[SourceTitle "EXT 2014"]
[Source "ChessBase"]
[SourceDate "2013.11.20"]
[SourceVersion "1"]
[SourceVersionDate "2013.11.20"]
[SourceQuality "1"]

1. d4 d5 2. c4 e6 3. Nc3 Nf6 4. cxd5 exd5 5. Bg5 Be7 6. e3 c6 7. Bd3 0-0 8. Qc2 Nbd7 9. Nge2 Re8 10. h3 Nf8 11. Ng3 c5 12. 0-0 c4 13. Be2 g6 14. Bf3 Be6 15. b3 Rc8 16. bxc4 Rxc4 17. Be2 Rc8 18. Qb3 Qa5 19. Bxf6 Bxf6 20. Rfc1 a6 21. a4 Rc7 22. Bf3 Rec8 23. Nge2 Be7 24. g4 Nd7 25. Rab1 Nf6 26. Qb2 h6 27. Kg2 1/2-1/2

[Event "Mallorca-chT Primera"]
[Site "Palma de Mallorca"]
[Date "2012.01.28"]
[Round "1.2"]
[White "De la Torre Sanchez, Miguel"]
[Black "Schenk Papke, Andres"]
[Result "1-0"]
[WhiteElo "2019"]
[BlackElo "2050"]
[PlyCount "115"]
[EventDate "2012.01.28"]
[EventType "team"]
[EventRounds "9"]
[EventCountry "ESP"]
[SourceTitle "EXT 2014"]
[Source "ChessBase"]
[SourceDate "2013.11.20"]
[SourceVersion "1"]
[SourceVersionDate "2013.11.20"]
[SourceQuality "1"]

1. d4 d5 2. c4 e6 3. Nc3 c5 4. e3 Nf6 5. Nf3 Nc6 6. cxd5 Nxd5 7. e4 Nxc3 8. bxc3 cxd4 9. cxd4 Bb4+ 10. Bd2 Qa5 11. Rb1 Bxd2+ 12. Qxd2 Qxd2+ 13. Kxd2 0-0 14. Bb5 Na5 15. Bd3 Rd8 16. Ke3 Bd7 17. Rhc1 Rac8 18. Nd2 Kf8 19. e5 Rxc1 20. Rxc1 Rc8 21. Rxc8+ Bxc8 22. Ne4 Bd7 23. Nd6 Bc6 24. g4 Bd5 25. a3 h6 26. f4 a6 27. Be4 b5 28. Kd3 Nc4 29. Nxc4 bxc4+ 30. Ke3 Bxe4 31. Kxe4 Ke7 32. Ke3 Kd7 33. Kd2 Kc6 34. Kc3 Kd5 35. f5 exf5 36. gxf5 g5 37. e6 fxe6 38. f6 Kd6 39. Kxc4 h5 40. Kd3 Kd7 41. Ke4 Ke8 42. d5 exd5+ 43. Kxd5 Kf7 44. Ke5 g4 45. Kf5 a5 46. a4 h4 47. Kxg4 Kxf6 48. Kxh4 Kf5 49. Kg3 Kg5 50. Kf3 Kh4 51. Ke4 Kh3 52. Kd4 Kxh2 53. Kc5 Kg3 54. Kb5 Kf4 55. Kxa5 Ke5 56. Kb6 Kd6 57. a5 Kd7 58. Kb7 1-0

[Event "Calvia Amateur op 6th"]
[Site "Calvia"]
[Date "2009.10.13"]
[Round "4"]
[White "Hutchinson, Paul A"]
[Black "Schenk Papke, Andres"]
[Result "1/2-1/2"]
[WhiteElo "2228"]
[BlackElo "2057"]
[PlyCount "109"]
[EventDate "2009.10.10"]
[EventType "swiss"]
[EventRounds "9"]
[EventCountry "ESP"]
[SourceTitle "CBM 132 Extra"]
[Source "ChessBase"]
[SourceDate "2009.11.03"]
[SourceVersion "1"]
[SourceVersionDate "2009.11.03"]
[SourceQuality "1"]

1. e4 e5 2. Bc4 Bc5 3. Nc3 Nc6 4. d3 Nf6 5. f4 d6 6. f5 Na5 7. Bb3 Nxb3 8. axb3 a6 9. Bg5 c6 10. Qf3 b5 11. Nge2 Bb7 12. Ng3 d5 13. Nh5 Rg8 14. Ne2 Be7 15. Bxf6 Bxf6 16. 0-0 Qb6+ 17. Kh1 0-0-0 18. Nhg3 Bh4 19. b4 Be7 20. c3 c5 21. bxc5 Bxc5 22. b4 Be7 23. Rfc1 Kb8 24. Rc2 g6 25. Rb1 h5 26. exd5 Bxd5 27. Ne4 gxf5 28. Qxf5 Qg6 29. Qxg6 Rxg6 30. N2g3 Bb7 31. Nf5 Bf8 32. Nc5 Bxc5 33. bxc5 Rxd3 34. Nd6 Rd5 35. Rf2 Rxc5 36. Nxb7 Kxb7 37. Rxf7+ Kb6 38. Rf3 Rgc6 39. Rb3 a5 40. h3 e4 41. Re3 Rc4 42. Kh2 h4 43. g4 hxg3+ 44. Kxg3 Rf6 45. h4 a4 46. Ra3 Kc5 47. h5 Kd5 48. Ra2 Ke5 49. Rh2 Rf3+ 50. Rxf3 exf3 51. h6 Rc8 52. Rh5+ Kf6 53. Rxb5 Kg6 54. Ra5 Rxc3 55. Rxa4 1/2-1/2

[Event "Calvia Amateur op 6th"]
[Site "Calvia"]
[Date "2009.10.12"]
[Round "2"]
[White "Galiana Salom, Juan Ramon"]
[Black "Schenk Papke, Andres"]
[Result "1-0"]
[WhiteElo "2216"]
[BlackElo "2057"]
[PlyCount "29"]
[EventDate "2009.10.10"]
[EventType "swiss"]
[EventRounds "9"]
[EventCountry "ESP"]
[SourceTitle "CBM 132 Extra"]
[Source "ChessBase"]
[SourceDate "2009.11.03"]
[SourceVersion "1"]
[SourceVersionDate "2009.11.03"]
[SourceQuality "1"]

1. e4 e6 2. d4 d5 3. Nd2 dxe4 4. Nxe4 Qd5 5. Bd3 Nf6 6. Qf3 Qxd4 7. Ne2 Qd8 8. Bf4 Nbd7 9. 0-0-0 Nxe4 10. Bxe4 c6 11. Bxc6 Qa5 12. Bxd7+ Bxd7 13. Rxd7 Qxa2 14. Nc3 Qa1+ 15. Nb1 1-0

[Event "Palma de Mallorca op 3rd"]
[Site "Palma de Mallorca"]
[Date "2008.12.06"]
[Round "1"]
[White "Schenk Papke, Andres"]
[Black "Henrichs, Thomas"]
[Result "0-1"]
[WhiteElo "2088"]
[BlackElo "2485"]
[PlyCount "62"]
[EventDate "2008.12.06"]
[EventType "swiss"]
[EventRounds "9"]
[EventCountry "ESP"]
[SourceTitle "CBM 127 Extra"]
[Source "ChessBase"]
[SourceDate "2009.01.08"]
[SourceVersion "2"]
[SourceVersionDate "2009.01.28"]
[SourceQuality "1"]

1. d4 Nf6 2. Nf3 g6 3. g3 Bg7 4. Bg2 d5 5. 0-0 0-0 6. b3 c6 7. Bb2 a5 8. a4 Bf5 9. Nbd2 Ne4 10. Nh4 Nxd2 11. Qxd2 Be6 12. h3 Nd7 13. Kh2 Nf6 14. f4 Qc8 15. Rac1 Ne4 16. Qe3 f5 17. Nf3 b5 18. axb5 cxb5 19. Nd2 Qb7 20. Nxe4 dxe4 21. Qd2 Rfc8 22. e3 Bd5 23. Ra1 Bf8 24. Rfc1 a4 25. bxa4 Rxa4 26. Rxa4 bxa4 27. Ba3 e6 28. Bxf8 Kxf8 29. c3 a3 30. Bf1 Qb2 31. Rc2 Qb1 0-1

[Event "Calvia Amateur op 5th"]
[Site "Calvia"]
[Date "2008.10.11"]
[Round "2"]
[White "Schenk Papke, Andres"]
[Black "Eriksson, Jorgen"]
[Result "1-0"]
[WhiteElo "2088"]
[BlackElo "2217"]
[PlyCount "70"]
[EventDate "2008.10.10"]
[EventType "swiss"]
[EventRounds "9"]
[EventCountry "ESP"]
[SourceTitle "CBM 126 Extra"]
[Source "ChessBase"]
[SourceDate "2008.11.05"]
[SourceVersion "1"]
[SourceVersionDate "2008.11.05"]
[SourceQuality "1"]

1. Nf3 d5 2. d4 e6 3. Bf4 Nf6 4. e3 c5 5. c3 Nc6 6. Nbd2 Be7 7. h3 0-0 8. Bd3 b6 9. Ne5 Bb7 10. Ndf3 Ne4 11. Nxc6 Bxc6 12. Ne5 Bb7 13. 0-0 f6 14. Nf3 Bd6 15. Bxd6 Qxd6 16. Nd2 Nxd2 17. Qxd2 e5 18. dxc5 bxc5 19. Qc2 e4 20. Be2 f5 21. Rfd1 Kh8 22. Bc4 Qe5 23. Qb3 dxc4 24. Qxb7 Rab8 25. Qd5 Qe7 26. Rab1 Rb6 27. Qxc4 Rg6 28. Rd5 Qg5 29. g3 h5 30. Qxc5 Rf7 31. Qc8+ Kh7 32. Rd8 Rgf6 33. Rh8+ Kg6 34. Qg8 Ra6 35. Qh7+ Kf6 1-0

[Event "Andratx 2nd"]
[Site "Andratx"]
[Date "2007.10.14"]
[Round "9"]
[White "Schenk Papke, Andres"]
[Black "Galiana Salom, Juan Ramon"]
[Result "0-1"]
[WhiteElo "2136"]
[BlackElo "2252"]
[PlyCount "48"]
[EventDate "2007.10.08"]
[EventType "tourn"]
[EventRounds "9"]
[EventCountry "ESP"]
[EventCategory "3"]
[SourceTitle "CBM 120 Extra"]
[Source "ChessBase"]
[SourceDate "2007.11.01"]
[SourceVersion "1"]
[SourceVersionDate "2007.11.01"]
[SourceQuality "1"]

1. d4 f5 2. c4 g6 3. h4 Bg7 4. h5 Na6 5. Nc3 c5 6. Nf3 Nh6 7. e4 d6 8. Be2 Nf7 9. hxg6 hxg6 10. Rxh8+ Bxh8 11. Be3 f4 12. Bxf4 cxd4 13. Nxd4 e5 14. Be3 exd4 15. Bxd4 Bxd4 16. Qxd4 Nc7 17. Qg7 Qg5 18. Qg8+ Ke7 19. Nd5+ Nxd5 20. cxd5 b6 21. Rd1 Bb7 22. Qg7 Rh8 23. b3 Qxg2 24. f3 Ba6 0-1

[Event "Andratx 2nd"]
[Site "Andratx"]
[Date "2007.10.13"]
[Round "8"]
[White "Massanet Massanet, Sebastian"]
[Black "Schenk Papke, Andres"]
[Result "1/2-1/2"]
[WhiteElo "2208"]
[BlackElo "2136"]
[PlyCount "112"]
[EventDate "2007.10.08"]
[EventType "tourn"]
[EventRounds "9"]
[EventCountry "ESP"]
[EventCategory "3"]
[SourceTitle "CBM 120 Extra"]
[Source "ChessBase"]
[SourceDate "2007.11.01"]
[SourceVersion "1"]
[SourceVersionDate "2007.11.01"]
[SourceQuality "1"]

1. e4 e5 2. Nf3 Nc6 3. d4 exd4 4. Nxd4 Nge7 5. c4 Nxd4 6. Qxd4 Nc6 7. Qd3 Bc5 8. Be2 d6 9. 0-0 0-0 10. Nc3 Be6 11. b3 f5 12. Bb2 Bd4 13. Bf3 Qg5 14. Kh1 Be5 15. Rae1 Qh6 16. g3 f4 17. Bc1 Qh3 18. Bg2 Qh5 19. Bf3 Qh3 20. Bg2 Qh5 21. Bf3 Bg4 22. Bxg4 Qxg4 23. f3 Qh3 24. gxf4 Bxf4 25. Bxf4 Rxf4 26. Nd5 Rh4 27. Qe2 Rf8 28. Qg2 Ne5 29. Ne7+ Kh8 30. Nf5 Qxg2+ 31. Kxg2 Rh5 32. f4 Nd3 33. Re3 Nc5 34. Nd4 Rh6 35. f5 Rhf6 36. e5 dxe5 37. Rxe5 b6 38. Nb5 c6 39. Nxa7 g6 40. b4 Nd3 41. Re3 Nxb4 42. Rb3 c5 43. a3 Nc2 44. Nb5 gxf5 45. Rc1 Rg6+ 46. Kf3 Rh6 47. Kg2 Rg8+ 48. Kh1 Rhg6 49. Rc3 Nd4 50. Nxd4 cxd4 51. Rd3 Rg4 52. Rcd1 Rd8 53. Rf1 f4 54. Rfd1 f3 55. Rxf3 d3 56. Rfxd3 Rxd3 1/2-1/2

[Event "Andratx 2nd"]
[Site "Andratx"]
[Date "2007.10.08"]
[Round "1"]
[White "Schenk Papke, Andres"]
[Black "Movsziszian, Karen"]
[Result "0-1"]
[WhiteElo "2136"]
[BlackElo "2531"]
[PlyCount "128"]
[EventDate "2007.10.08"]
[EventType "tourn"]
[EventRounds "9"]
[EventCountry "ESP"]
[EventCategory "3"]
[SourceTitle "CBM 120 Extra"]
[Source "ChessBase"]
[SourceDate "2007.11.01"]
[SourceVersion "1"]
[SourceVersionDate "2007.11.01"]
[SourceQuality "1"]

1. d4 Nf6 2. Nf3 g6 3. g3 Bg7 4. Bg2 0-0 5. 0-0 d6 6. b3 c5 7. c4 d5 8. cxd5 Nxd5 9. Bb2 Nc6 10. Qd2 Ndb4 11. a3 Na6 12. Rd1 Qa5 13. dxc5 Qxd2 14. Rxd2 Bh6 15. b4 Bxd2 16. Nbxd2 Nc7 17. Ne5 Nd8 18. Ndc4 f6 19. Nd3 Nc6 20. a4 Be6 21. Ne3 a6 22. Bc3 Rfd8 23. Nf4 Bf7 24. Rb1 e5 25. Nd3 Nd5 26. Nxd5 Bxd5 27. Bf1 Ne7 28. f3 Bc4 29. Nb2 Ba2 30. Ra1 Be6 31. e4 a5 32. b5 Rdc8 33. c6 bxc6 34. b6 Rcb8 35. Nc4 Kf8 36. Rb1 Ra6 37. b7 Bxc4 38. Bxc4 Ra7 39. Kf2 Raxb7 40. Rd1 Ke8 41. Rd6 Rb4 42. Bxb4 Rxb4 43. Be2 Rxa4 44. Rxf6 Kd7 45. Rf7 h5 46. h4 Rb4 47. Rf8 c5 48. Ra8 Nc8 49. Bd1 Nb6 50. Ra7+ Kd6 51. g4 a4 52. gxh5 gxh5 53. Ra6 Kc6 54. Ra5 Rb2+ 55. Ke1 Ra2 56. f4 exf4 57. Bxh5 a3 58. Be8+ Kd6 59. Ra6 Kc7 60. h5 f3 61. Kf1 Nc4 62. Rf6 Ne3+ 63. Kg1 Rg2+ 64. Kh1 a2 0-1

[Event "Calvia op"]
[Site "Calvia"]
[Date "2006.10.15"]
[Round "5.18"]
[White "Schenk Papke, Andres"]
[Black "De la Barrera Montenegro, Eduardo"]
[Result "0-1"]
[WhiteElo "2155"]
[BlackElo "2077"]
[PlyCount "129"]
[EventDate "2006.10.11"]
[EventType "swiss"]
[EventRounds "9"]
[EventCountry "ESP"]
[SourceTitle "EXT 2007"]
[Source "ChessBase"]
[SourceDate "2006.11.23"]
[SourceVersion "1"]
[SourceVersionDate "2006.11.23"]
[SourceQuality "1"]

1. Nf3 Nf6 2. c4 e6 3. g3 b6 4. Bg2 Bb7 5. 0-0 d5 6. b3 Be7 7. Bb2 Nbd7 8. d3 0-0 9. Nbd2 c5 10. Qc2 d4 11. e3 e5 12. exd4 cxd4 13. Rae1 Bd6 14. Re2 Qc7 15. Rfe1 a5 16. a3 Rfe8 17. Ng5 Bxg2 18. Kxg2 Bf8 19. Nde4 Nxe4 20. Nxe4 Re6 21. Qd2 Nc5 22. Ng5 Rg6 23. Nf3 Qc6 24. Rxe5 Rf6 25. Rd5 Nxb3 26. Qd1 a4 27. Kg1 Qc8 28. Nxd4 Qh3 29. Nf3 Rh6 30. Re4 Nc5 31. Rh4 Rxh4 32. Nxh4 Re8 33. Qf1 Qg4 34. Nf5 Qf3 35. Ne3 Nb3 36. Rg5 Qc6 37. Qg2 Qxg2+ 38. Kxg2 Bc5 39. Rd5 h6 40. d4 Bf8 41. Rd7 Ra8 42. Rb7 Rd8 43. Nd5 Na5 44. Rc7 Bd6 45. Ra7 Nxc4 46. Bc1 b5 47. Nc3 Rb8 48. d5 Nxa3 49. Ne4 Nc4 50. Kf3 Rd8 51. Rb7 a3 52. Nxd6 Rxd6 53. Rxb5 Ra6 54. Rb8+ Kh7 55. Rb1 a2 56. Ra1 Kg6 57. Be3 Kf6 58. Bd4+ Ke7 59. Ke2 f6 60. Kd3 Ne5+ 61. Bxe5 fxe5 62. Ke4 Kd6 63. h4 Ra4+ 64. Kd3 e4+ 65. Kc2 0-1

[Event "Calvia op 1st"]
[Site "Calvia"]
[Date "2004.11.06"]
[Round "6"]
[White "Howell, David"]
[Black "Schenk Papke, Andres"]
[Result "1-0"]
[WhiteElo "2340"]
[BlackElo "2102"]
[PlyCount "53"]
[EventDate "2004.11.01"]
[EventType "swiss"]
[EventRounds "9"]
[EventCountry "ESP"]
[SourceTitle "EXT 2005"]
[Source "ChessBase"]
[SourceDate "2004.11.15"]
[SourceVersion "1"]
[SourceVersionDate "2004.11.15"]
[SourceQuality "1"]

1. e4 e5 2. Nf3 Nc6 3. Bb5 d6 4. 0-0 Bd7 5. d4 exd4 6. Nxd4 Nxd4 7. Bxd7+ Qxd7 8. Qxd4 Nf6 9. Nc3 Be7 10. Bg5 0-0 11. e5 Ne8 12. Bf4 c5 13. Qd2 Rd8 14. Rad1 Qe6 15. Nd5 Bh4 16. exd6 Nf6 17. g3 Nxd5 18. Qxd5 Bf6 19. d7 Bd4 20. Qxe6 fxe6 21. c3 e5 22. Bc1 Rxd7 23. cxd4 exd4 24. Rfe1 Rf5 25. Bf4 Kf7 26. Be5 g5 27. g4 1-0

[Event "Calvia op 1st"]
[Site "Calvia"]
[Date "2004.11.03"]
[Round "3"]
[White "Oliver Marquet, Juan"]
[Black "Schenk Papke, Andres"]
[Result "0-1"]
[WhiteElo "1965"]
[BlackElo "2102"]
[PlyCount "80"]
[EventDate "2004.11.01"]
[EventType "swiss"]
[EventRounds "9"]
[EventCountry "ESP"]
[SourceTitle "EXT 2005"]
[Source "ChessBase"]
[SourceDate "2004.11.15"]
[SourceVersion "1"]
[SourceVersionDate "2004.11.15"]
[SourceQuality "1"]

1. d4 d5 2. c4 e6 3. Nc3 c5 4. e3 Nc6 5. Nf3 Nf6 6. a3 a6 7. dxc5 Bxc5 8. cxd5 exd5 9. b4 Ba7 10. Be2 0-0 11. 0-0 Be6 12. Bb2 Rc8 13. Rc1 Qe7 14. b5 Na5 15. bxa6 Nc4 16. Bxc4 dxc4 17. Nb5 Bc5 18. axb7 Qxb7 19. Bxf6 Qxb5 20. Nd4 Qa6 21. Nxe6 Qxe6 22. Bb2 Rb8 23. Qc2 Be7 24. Rfd1 Rfc8 25. Bd4 Bxa3 26. Rb1 Rb3 27. Bb2 Bb4 28. Bd4 h6 29. Rdc1 Rxb1 30. Rxb1 Bf8 31. Qc3 Qg4 32. f3 Qh4 33. Ra1 Qg5 34. Rb1 Bd6 35. Qd2 Qh5 36. g4 Qg6 37. Rb6 c3 38. Bxc3 Bxh2+ 39. Kxh2 Qxb6 40. Qd4 Qc7+ 0-1

[Event "Calvia op 1st"]
[Site "Calvia"]
[Date "2004.11.01"]
[Round "1"]
[White "Tiviakov, Sergei"]
[Black "Schenk Papke, Andres"]
[Result "1-0"]
[WhiteElo "2617"]
[BlackElo "2102"]
[PlyCount "73"]
[EventDate "2004.11.01"]
[EventType "swiss"]
[EventRounds "9"]
[EventCountry "ESP"]
[SourceTitle "EXT 2005"]
[Source "ChessBase"]
[SourceDate "2004.11.15"]
[SourceVersion "1"]
[SourceVersionDate "2004.11.15"]
[SourceQuality "1"]

1. e4 e5 2. Bc4 Bc5 3. Nf3 Nc6 4. c3 Nf6 5. d3 h6 6. b4 Bb6 7. b5 Na5 8. Nxe5 0-0 9. Nxf7 Rxf7 10. Bxf7+ Kxf7 11. 0-0 d6 12. Be3 Bg4 13. Qe1 Qd7 14. c4 c6 15. Nc3 Kg8 16. Rb1 Bxe3 17. fxe3 Rf8 18. b6 axb6 19. Na4 Qe7 20. h3 Be6 21. Nxb6 Nxc4 22. Nxc4 Bxc4 23. dxc4 Qxe4 24. Rxb7 Qxc4 25. Qg3 Rf7 26. Rxf7 Qxf7 27. Qxd6 Qxa2 28. Qxc6 Qe2 29. Qe6+ Kh7 30. Rf3 Qe1+ 31. Kh2 Qe2 32. Rg3 Nh5 33. Qg6+ Kh8 34. Rf3 Nf6 35. Rxf6 gxf6 36. Qxh6+ Kg8 37. Qg6+ 1-0

[Event "Calvia U2300 opB"]
[Site "Mallorca"]
[Date "2004.10.25"]
[Round "5"]
[White "Cruz Condori, Alfredo"]
[Black "Schenk Papke, Andres"]
[Result "1-0"]
[WhiteElo "2179"]
[BlackElo "2102"]
[PlyCount "104"]
[EventDate "2004.10.22"]
[EventType "swiss"]
[EventRounds "9"]
[EventCountry "ESP"]
[SourceTitle "EXT 2005"]
[Source "ChessBase"]
[SourceDate "2004.11.15"]
[SourceVersion "1"]
[SourceVersionDate "2004.11.15"]
[SourceQuality "1"]

1. e4 e5 2. Nf3 Nc6 3. Bb5 d6 4. Bxc6+ bxc6 5. d4 exd4 6. Nxd4 Bd7 7. 0-0 g6 8. Nc3 Bg7 9. Nde2 Nf6 10. f3 0-0 11. Be3 Re8 12. Qd2 Qb8 13. Rab1 Qb4 14. a3 Qb7 15. Rfd1 a5 16. b3 c5 17. Nf4 Bc6 18. a4 Re5 19. Nd3 Re6 20. Kh1 Nd7 21. Bh6 Bh8 22. Nf4 Re5 23. Nfd5 Nf6 24. Bf4 Re6 25. Bg5 Nd7 26. Ne7+ Kf8 27. Nxc6 Qxc6 28. Nd5 Bd4 29. Qe1 Bg7 30. Qh4 f6 31. Qh3 Kf7 32. Bd2 Nf8 33. Ne3 Re5 34. Nc4 Rh5 35. Qg4 Ne6 36. Nxa5 Qe8 37. Nc4 Nd4 38. Bf4 Bf8 39. c3 Nc6 40. Ne3 Ne5 41. Qg3 Qe6 42. Nd5 Ra7 43. Bxe5 fxe5 44. Qg4 Bh6 45. Qxe6+ Kxe6 46. Ra1 Bf4 47. h3 Bg3 48. Kg1 Bh4 49. a5 Bd8 50. a6 g5 51. Ne3 Rh6 52. Nc4 Rf6 1-0

[Event "Andratx 1st"]
[Site "Andratx"]
[Date "2004.10.07"]
[Round "5"]
[White "Richter, Michael"]
[Black "Schenk Papke, Andres"]
[Result "1-0"]
[WhiteElo "2410"]
[BlackElo "2102"]
[PlyCount "71"]
[EventDate "2004.10.04"]
[EventType "tourn"]
[EventRounds "9"]
[EventCountry "ESP"]
[EventCategory "3"]
[SourceTitle "CBM 102 Extra"]
[Source "ChessBase"]
[SourceDate "2004.11.03"]
[SourceVersion "1"]
[SourceVersionDate "2004.11.03"]
[SourceQuality "1"]

1. d4 d5 2. c4 e6 3. Nc3 c5 4. cxd5 exd5 5. Nf3 Nc6 6. g3 Nf6 7. Bg2 Be7 8. Bg5 cxd4 9. Nxd4 0-0 10. 0-0 h6 11. Be3 Bg4 12. Qa4 Qd7 13. Bxd5 Nxd4 14. Qxd4 Rfd8 15. Rfd1 Bxe2 16. Bxf7+ Kxf7 17. Qxd7 Rxd7 18. Rxd7 Nxd7 19. Nxe2 Bf6 20. Rc1 b6 21. Rc7 Ke7 22. Nd4 Bxd4 23. Bxd4 Kd6 24. Rc3 g5 25. Rd3 Ke7 26. Re3+ Kd6 27. g4 Rg8 28. Kg2 Rg6 29. f3 Nc5 30. h4 Kd5 31. h5 Rc6 32. Bg7 a5 33. Kg3 Rd6 34. Re8 Kc6 35. Rh8 Ne6 36. Rxh6 1-0

[Event "Binissalem op 15th"]
[Site "Binissalem"]
[Date "2002.09.15"]
[Round "9"]
[White "Galiana Salom, Juan Ramon"]
[Black "Schenk Papke, Andres"]
[Result "1-0"]
[WhiteElo "2332"]
[BlackElo "2136"]
[PlyCount "68"]
[EventDate "2002.09.??"]
[EventType "swiss"]
[EventRounds "9"]
[EventCountry "ESP"]
[SourceTitle "EXT 2003"]
[Source "ChessBase"]
[SourceDate "2002.11.25"]
[SourceVersion "1"]
[SourceVersionDate "2002.11.25"]
[SourceQuality "1"]

1. e4 e5 2. Nf3 Nc6 3. Bb5 a6 4. Ba4 Nf6 5. Qe2 b5 6. Bb3 Bc5 7. a4 b4 8. Qc4 Qe7 9. a5 0-0 10. 0-0 d6 11. Qe2 Bg4 12. c3 d5 13. d3 bxc3 14. bxc3 d4 15. Bd5 Qd6 16. Bxc6 Qxc6 17. cxd4 Bxf3 18. Qxf3 Bxd4 19. Ra2 Qe6 20. Rc2 Rab8 21. Na3 Rb3 22. Nc4 Rfb8 23. h3 Nd7 24. Ba3 h6 25. Rd1 R8b5 26. Qe2 Bc3 27. Rdc1 Bxa5 28. Nxa5 Rxa3 29. Nc6 Nf6 30. d4 Nd7 31. Nd8 Qf6 32. Rxc7 exd4 33. Rc8 Kh7 34. Qg4 g6 1-0